Rubberkrishi: Thiranjedukkam pradesathinu pattiya inam (Record no. 68285)

MARC details
000 -LEADER
fixed length control field 00403nam a2200157Ia 4500
100 ## - MAIN ENTRY--AUTHOR NAME
Personal name Meenakumari T
245 #0 - TITLE STATEMENT
Title Rubberkrishi: Thiranjedukkam pradesathinu pattiya inam
260 ## - PUBLICATION, DISTRIBUTION, ETC. (IMPRINT)
Name of publisher Karshakasree
Year of publication 2021
300 ## - PHYSICAL DESCRIPTION
Number of Pages 30-33
650 ## - SUBJECT ADDED ENTRY--TOPICAL TERM
Topical Term Planting recommendation
650 ## - SUBJECT ADDED ENTRY--TOPICAL TERM
Topical Term RRII clones
700 ## - ADDED ENTRY--PERSONAL NAME
Personal name Gireesh T
700 ## - ADDED ENTRY--PERSONAL NAME
Personal name Jacob J
942 ## - ADDED ENTRY ELEMENTS (KOHA)
Koha item type Journals
Holdings
Withdrawn status Lost status Damaged status Not for loan Home library Current library Shelving location Date acquired Serial Enumeration / chronology Koha item type
      Journals RRII Library RRII Library Botany 03/08/2011 Volume 27, Issue 8 Journals